Estudos de Combate ̉Pirataria em Homenagem ao Desembargador Luiz Fernando Gama Pellegrini

Detalles Bibliográficos
Autor principal: Salles Pimenta, Eduardo
Formato: eBook
Lenguaje:portugués
Publicado: San Pablo: Letras Jurídicas Editora, 2011
Materias:
Acceso en línea:Acceso restringido

MARC

LEADER 00000nam a22000007a 4500
005 20200722231432.0
007 cr|||| ||||
008 200722s2011 br |||||s|||| 00||0 por d
020 |a 978-85-89917-78-0 
035 |a 31883 
040 |a vLex 
090 |c 10686  |d 10686 
100 1 |a Salles Pimenta, Eduardo 
245 1 0 |a Estudos de Combate ̉Pirataria em Homenagem ao Desembargador Luiz Fernando Gama Pellegrini  |h [Recurso electrn̤ico] /  |c Eduardo Salles Pimenta 
256 |a Servicio en ln̕ea 
260 |a San Pablo:  |b Letras Jurídicas Editora,  |c 2011 
300 |a 1 recurso electrn̤ico 
500 |a ESTUDOS DE COMBATE ° PIRATARIA, em homenagem ao Des. Luiz Fernando Gama Pellegrini apresenta para o cenr̀io jurd̕ico nacional a exposiȯ̂ de pesquisadores acerca da visô preventiva e repressiva, sobre o plano sc̤io-jurd̕ico-econm̥ico da questô. Notr̤ias sô as aė̳s violadoras de direitos autorais praticadas pelo uso desautorizado, como tambm̌ o excesso no exercc̕io de direito praticado pelos representantes de autores ou titulares de direitos autorais. 
506 1 |a Disponible solo en los productos indicados  |d vLex Global  |d vLex Global (Academic Edition, excluding Law Schools)  |d vLex Global (U.S. Academic Edition, Law Schools)  |d vLex Global (U.S. Academic Edition, excluding Law Schools)  |d vLex Global (Academic Edition, Law Schools) 
650 0 4 |a Propiedad Intelectual  |z Brasil 
740 0 |a vLex Libros (Servicio en ln̕ea) 
856 4 0 |u http://vlex.com/source/estudos-de-combate-a-pirataria-em-homenagem-ao-desembargador-luiz-fernando-gama-pellegrini-31883  |z Acceso restringido 
942 |c BOOK 
999 0 |a Intellectual property